| 000 | 01390cam a2200337 i 4500 | ||
|---|---|---|---|
| 001 | 64628 | ||
| 003 | Mx-PuUPA | ||
| 005 | 20230707131028.0 | ||
| 008 | 160404s2018 mx ad gr 000 f spa d | ||
| 020 | _c[En trámite] | ||
| 040 |
_aMx-PuUPA _bspa _cMx-PuUPA _dMx-PuUPA _erda |
||
| 041 | 0 | _aspa | |
| 110 | 1 |
_aMéxico. _bSecretaría de Educación Pública, _96410 |
|
| 245 | 1 | 0 |
_aEducación en México 2013-2018 : _bbalance y perspectiva / _cSEP ; Otto Granados Roldán, secretario de Educación Pública |
| 246 |
_aEducación en México dos mil trece - dos mil dieciocho : _bbalance y perspectiva. |
||
| 250 |
_aPrimera edición / _bseptiembre |
||
| 264 | 1 |
_aCiudad de México : _bSecretaría de Educación Pública, _c2018 |
|
| 300 |
_a322 páginas : _bilustraciones, gráficas, tablas ; _c22 cm |
||
| 336 |
_atexto _btxt _2rdacontent |
||
| 337 |
_2rdamedia _asin medio _bn |
||
| 338 |
_2rdacarrier _avolumen _bnc |
||
| 650 | 7 |
_2armarc _aEducación _xAspectos económicos _zMéxico |
|
| 650 | 7 |
_2armarc _aEducación _vEstadísticas |
|
| 650 | 7 |
_2armarc _xReforma educativa _zMéxico |
|
| 651 | 4 |
_aMéxico _xIgualdad de oportunidades en educación |
|
| 700 | 1 |
_aGranados Roldán, Otto, _esecretario |
|
| 942 |
_2ddc _cLI _h379.72 _iE244 |
||
| 999 |
_c64628 _d64628 |
||